000 00595nam a22001817a 4500
005 20260427064852.0
008 260427b |||||||| |||| 00| 0 eng d
020 _a9781558106437
050 _a RT89
_b .N73 2009
245 _aNursing administration :
_bscope and standards of practice /
260 _aSilver Spring, Md. :
_bAmerican Nurses Association,
_c2009.
300 _a x, 95 p. ;
_c 23 cm.
500 _aIncludes bibliographical references and index.
650 _aNurse administrators.
650 _aNursing services
700 _a American Nurses Association.
942 _2lcc
_cBK
999 _c60399
_d60399